| 000 | 00422nam a2200133 4500 | ||
|---|---|---|---|
| 008 | 240801b |||||||| |||| 00| 0 eng d | ||
| 040 |
_aNational Science Library _cNational Science Library |
||
| 080 |
_a808.2-4 _bK5;1 |
||
| 100 | _aSteinfeldt, E | ||
| 245 |
_aRussian word count: _b2500 words most commonly used in modern literary Russian |
||
| 260 |
_aMoscow: _bProgress Publishers |
||
| 300 | _a227p. | ||
| 942 |
_2udc _cBK |
||
| 999 |
_c65500 _d65500 |
||